El Ministro de hacienda firma la autorización del presupuesto extraordinario de 735.000.000 para las vías provinciales
Publicado:
San Jorge, núm. 70 - 71 (2n - 3r trimestre 1968), pàg 153 :
MARC
| LEADER | 00000nam a2200000Ia 4500 | ||
|---|---|---|---|
| 001 | |||
| 008 | 160829s9999 xx 000 0 cat d | ||
| 245 | |a El Ministro de hacienda firma la autorización del presupuesto extraordinario de 735.000.000 para las vías provinciales | ||
| 260 | |a San Jorge, núm. 70 - 71 (2n - 3r trimestre 1968), pàg 153 | ||
| 610 | 1 | 0 | |a Barcelona (Catalunya : Província). |b Diputació |x Assignacions pressupostàries i despeses |9 53789 |
| 650 | 0 | |a Carreteres |x Barcelona (Província) |x Manteniment i reparació |9 37124 | |
| 901 | |a Arxiu | ||
| 942 | |n 1 | ||
| 952 | |0 0 |1 0 |4 0 |7 1 |9 49521 |a Arxiu |b Arxiu |d 2016-12-01 |l 0 |r 2016-12-01 00:00:00 |w 2016-12-01 |y ARXIU | ||
| 999 | |c 53363 |d 53363 | ||